Para una teoría metaficcional en Sarduy
Uloženo v:
| Hlavní autor: | |
|---|---|
| Médium: | Neznámo |
| Vydáno: |
Colombia:
Universidad de Mellín,
|
| Témata: | |
| Tagy: |
Přidat tag
Žádné tagy, Buďte první, kdo vytvoří štítek k tomuto záznamu!
|
MARC
| LEADER | 000000000a22000000004500 | ||
|---|---|---|---|
| 001 | 000130 | ||
| 022 | |a 0122-9184 | ||
| 100 | 1 | |a Arango Morales, Mario | |
| 245 | 1 | 0 | |a Para una teoría metaficcional en Sarduy |
| 260 | |a Colombia: |b Universidad de Mellín, | ||
| 310 | |a semestral | ||
| 650 | 4 | |a SARDUY, SEVERO, 1937-1993 | |
| 650 | 4 | |a BARROCO | |
| 650 | 4 | |a PROSA DEL CERVECERO | |
| 773 | 0 | |t Con-Textos: Revista de Semiótica Literaria | |
| 773 | 0 | |g 5 | |
| 773 | 0 | |g 21 | |
| 773 | 0 | |g 1998 | |
| 773 | 0 | |g 87-102 | |
| 999 | |c 910 |d 910 | ||
